Architectural graphics : (Record no. 549164)
[ view plain ]
| 000 -LEADER | |
|---|---|
| fixed length control field | 00794pam a2200205 a 4500 |
| 020 ## - INTERNATIONAL STANDARD BOOK NUMBER | |
| International Standard Book Number | 0133419673 |
| 082 00 - DEWEY DECIMAL CLASSIFICATION NUMBER | |
| Classification number | 720.284 |
| Author Mark | GOL |
| -- | L-39, P-88 |
| 100 1# - MAIN ENTRY--PERSONAL NAME | |
| Personal name | Goldman, Glenn. |
| 9 (RLIN) | 45688 |
| 245 10 - TITLE STATEMENT | |
| Title | Architectural graphics : |
| Remainder of title | traditional and digital communication / |
| Statement of responsibility, etc. | Glenn Goldman. |
| 260 ## - PUBLICATION, DISTRIBUTION, ETC. | |
| Place of publication, distribution, etc. | Upper Saddle River, NJ : |
| Name of publisher, distributor, etc. | Prentice Hall, |
| Date of publication, distribution, etc. | c1997. |
| 300 ## - PHYSICAL DESCRIPTION | |
| Extent | xiv, 297 p. : |
| Other physical details | ill. (some col.) ; |
| Dimensions | 21 x 29 cm. |
| 526 ## - STUDY PROGRAM INFORMATION NOTE | |
| Program name | 0 |
| Interest level | 0 |
| Reading level | 0 |
| Title point value | 720_284000000000000_GOL |
| 650 #0 - SUBJECT ADDED ENTRY--TOPICAL TERM | |
| Topical term or geographic name entry element | Architectural drawing |
| General subdivision | Data processing. |
| 9 (RLIN) | 45689 |
| 650 #0 - SUBJECT ADDED ENTRY--TOPICAL TERM | |
| Topical term or geographic name entry element | Architectural drawing |
| General subdivision | Technique. |
| 9 (RLIN) | 31736 |
| 650 #0 - SUBJECT ADDED ENTRY--TOPICAL TERM | |
| Topical term or geographic name entry element | Architectural rendering |
| General subdivision | Data processing. |
| 9 (RLIN) | 45690 |
| 650 #0 - SUBJECT ADDED ENTRY--TOPICAL TERM | |
| Topical term or geographic name entry element | Architectural rendering |
| General subdivision | Technique. |
| 9 (RLIN) | 45691 |
| 650 #0 - SUBJECT ADDED ENTRY--TOPICAL TERM | |
| Topical term or geographic name entry element | Communication in architectural design. |
| 9 (RLIN) | 32556 |
| 650 #0 - SUBJECT ADDED ENTRY--TOPICAL TERM | |
| Topical term or geographic name entry element | MCE |
| 9 (RLIN) | 379 |
| 942 ## - ADDED ENTRY ELEMENTS (KOHA) | |
| Source of classification or shelving scheme | |
| Koha item type | Book |
| Withdrawn status | Lost status | Source of classification or shelving scheme | Damaged status | Not for loan | Permanent Location | Current Location | Date acquired | Total Checkouts | Full call number | Barcode | Date last seen | Date last checked out | Price effective from | Koha item type |
|---|---|---|---|---|---|---|---|---|---|---|---|---|---|---|
| Military College of Engineering (MCE) | Military College of Engineering (MCE) | 09/18/2014 | 1 | 720.284 GOL | MCE-41595 | 06/10/2015 | 05/06/2015 | 09/18/2014 | Book |
